000 00470nam a22001811a 4500
001 18352
003 OSt
005 20260204212401.0
008 170902s1996||||-us||||||b||||||||||eng||
020 _a0673401669
082 _a420 SCO431d
110 _aScottforesman Science
245 _aDiscover the Wonder:Modelo C, Volcanoes and Earthquakes/Scottforesman Science
264 _aIllinois:Scott, foresman
300 _a44 p
650 _aInglésÌ
942 _2ddc
_cBK
999 _c18352
_d18352